| 000 | 00389nam a2200169Ia 4500 | ||
|---|---|---|---|
| 008 | 230524s9999 xx 000 0 und d | ||
| 020 | _a8120301404 | ||
| 082 |
_a4.133 _bGOR |
||
| 100 | _aGeoffrey Gordon | ||
| 245 | 0 | _aSystem Simulation | |
| 250 | _a2ND | ||
| 260 |
_aNEW DELHI _bPHI _c2000 |
||
| 300 | _aXII;324 | ||
| 500 | _aQuantity Number: 45 | ||
| 650 | _aComp-Sc | ||
| 942 | _cBK | ||
| 999 |
_c24561 _d24561 |
||